000 00300nam a22001217a 4500
040 _cSY
082 _a639
100 _aសុក គន្ធី
245 _aThe logical framework approach handbook for objective-oriented planning
260 _aNA
_bសុក
_c2003
300 _a109p.
942 _cEK
999 _c9923
_d9923